|
|
|
|
| LEADER |
00940nam a2200229 i 4500 |
| 001 |
c000279818 |
| 003 |
CARM |
| 005 |
00000000000000.0 |
| 008 |
840313s1972 ilu 0 eng d |
| 019 |
1 |
|
|a 69846796
|5 LACONCORD2021
|
| 035 |
|
|
|a (OCoLC)275086
|5 LACONCORD2021
|
| 082 |
0 |
4 |
|a 370
|
| 110 |
2 |
|
|a National Society for the Study of Education.
|b Committee on Early Childhood Education.
|
| 245 |
1 |
0 |
|a Early childhood education /
|c Edited by Ira J. Gordon ; Editor for the Society: Herman G. Richey.
|
| 260 |
|
|
|a Chicago,
|c 1972.
|
| 300 |
|
|
|a 400 p.
|
| 440 |
|
0 |
|a Yearbook of the National Society for the Study of Education ;
|v 71st, pt. 2
|
| 650 |
|
0 |
|a Education, Preschool.
|
| 700 |
1 |
|
|a Gordon, Ira J.
|
| 852 |
8 |
|
|b CARM
|h A1:AQ13A0
|i C09021
|p 0363046
|f BK
|
| 999 |
f |
f |
|i 2211d9d3-d828-5404-8b16-3b46725fcc5c
|s 1d4488e9-e151-5a8f-b7ac-547e395c7608
|
| 952 |
f |
f |
|p Can circulate
|a CAVAL
|b CAVAL
|c CAVAL
|d CARM 1 Store
|e C09021
|f A1:AQ13A0
|h Other scheme
|i book
|m 0363046
|